Beyond COVID-19: Recovery measures in building control in England as COVID-19 restrictions are eased (Record no. 121262)
[ view plain ]
| 000 -LEADER | |
|---|---|
| fixed length control field | 01745nam a22002417a 4500 |
| 001 - CONTROL NUMBER | |
| control field | 121262 |
| 008 - FIXED-LENGTH DATA ELEMENTS--GENERAL INFORMATION | |
| fixed length control field | 141222s2020 xxk|||||o|||| 00| 0 eng d |
| 041 ## - LANGUAGE CODE | |
| Language code of text/sound track or separate title | eng |
| 100 ## - MAIN ENTRY--PERSONAL NAME | |
| Personal author | Ross, Craig |
| 110 ## - MAIN ENTRY--CORPORATE NAME | |
| Corporate author | Royal Institution of Chartered Surveyors |
| 245 ## - TITLE STATEMENT | |
| Title | Beyond COVID-19: Recovery measures in building control in England as COVID-19 restrictions are eased |
| Medium | [Electronic resource] |
| Subtitle | [withdrawn] |
| 260 ## - PUBLICATION INFORMATION | |
| Place of publication | United Kingdom, |
| Publisher | Royal Institution of Chartered Surveyors, |
| Date | June 2020 |
| 300 ## - PHYSICAL DESCRIPTION | |
| Physical description | 18p |
| 520 ## - ABSTRACT | |
| Abstract | Published by the RICS in association with the Chartered Association of Building Engineers (CABE). Practical advice to professionals working in building control (both local authority or approved <br/>inspectors on working as the COVID-19 lockdown measures are lifted. Highlights the risks at key stages in the building control process, identify suitable control measures that can be adopted, and offer useful tools and advice on how the building control professional may mitigate some of the COVID-19 risks. Refers to The Building (Approved Inspectors etc.) Regulations 2010.<br/><br/> |
| 520 ## - ABSTRACT | |
| Abstract | All legal restrictions on Covid in the UK were lifted in March 2022 but advice was still to be sensible and follow good medical advice/common sense. RICS withdrew Covid guides at the same time. <br/> |
| 650 ## - KEYWORDS | |
| Keywords | Building Control |
| 651 ## - SUBJECT ADDED ENTRY--GEOGRAPHIC NAME | |
| Geographic name | United Kingdom |
| 690 ## - BROAD SUBJECT | |
| 9 (RLIN) | 6222 |
| Broad subject | Building control |
| 690 ## - BROAD SUBJECT | |
| 9 (RLIN) | 6244 |
| Broad subject | Health and safety |
| 710 ## - ADDED CORPORATE NAME | |
| Added corporate author | Royal Institution of Chartered Surveyors |
| 856 ## - ONLINE RESOURCE | |
| Uniform Resource Identifier | <a href="https://www.rics.org/globalassets/rics-website/media/news/covid19/beyond-covid-19-recovery-measures-in-building-control-in-england-as-covid-19-restrictions-are-eased.pdf">https://www.rics.org/globalassets/rics-website/media/news/covid19/beyond-covid-19-recovery-measures-in-building-control-in-england-as-covid-19-restrictions-are-eased.pdf</a> |
| Public note | Available free on RICS.org |
| 942 ## - ADDED ENTRY ELEMENTS (KOHA) | |
| Suppress in OPAC | Do not suppress in OPAC |
| Lost status | Damaged status | Not for loan | Home library | Current library | Date acquired | Total Checkouts | Date last seen | Price effective from | Koha item type |
|---|---|---|---|---|---|---|---|---|---|
| Virtual | Virtual | 14/12/2022 | 14/12/2022 | 14/12/2022 | Online material |